000 00475nam a2200145 4500
999 _c7528
_d7528
008 170929b xxu||||| |||| 00| 0 eng d
022 _a01181831
082 _aDPer 613.05 H34 Jul-Nov 2013
245 _aBee pollen:
_bis the natural powdered remedy a safe form of alternative medicine/
260 _aPhilippines:
_bMIMS Pte Ltd KDN,
_c©2013.
300 _apage 80:
_billustrations;
_c28 cm.
500 _aHealth today.
650 0 _922818
_aMedicine.
942 _2ddc
_cPER